000 00852nam a2200217Ii 4500
003 JO-AjNU
008 230605s9999||||xx |||||||||||||| ||und||
017 _a1996/2/246
040 _aJO-AjNU
_bara
_erda
_cJO-AjNU
041 _aara
050 1 4 _aHG1707. J3322 1996
100 3 _a جعفر، عبد الإله نعمة,
_eauthor
_932219
245 0 0 _aمحاسبة المنشآت المالية ( البنوك وشركات التأمين)
264 3 1 _aعمان، بيروت: دار حنين، مكتبة الفلاح، 1996
300 _a432ص
_bيحتوي على ببلوغرافية من 431-432ص
336 _atext
_btxt
_2rdacontent
337 _aunmediated
_bn
_2rdamedia
338 _avolume
_bnc
_2rdacarrier
490 0 _aسلسلة كتب المحاسبة ؛5
650 4 _a شركات التأمين -البنوك- محاسبة
_932220
999 _aA12980
_c16548
_d16548